Представление документа в формате MARC21

Поле Инд. ПП Название Значение
Тип записи a
Библиографический уровень a
001 Контрольный номер 0d74218b190f4ce7a7e20ae96f32af8c
005 Дата корректировки 20220926085956.4
040 a Служба первич. каталог. НБ ТвГУ
b Код языка каталог. rus
e Правила каталог. PSBO
041 0_ a Код языка текста rus
097 b Оператор Komarova.ES
100 1_ a Автор Нотов А. А.
245 10 a Заглавие О распространении видов рода Hieracium L. на территории некоторых районов Калининской области
260 a Место издания Калинин
b Издательство Калининский государственный университет
504 a Библиография Библиогр.: с. 94 (6 назв.)
520 0_ a Аннотация Статья посвящена распространению видов рода Hieracium L. на территории некоторых районов Калининской области.
653 0_ a Ключевые слова Калинин, город
a Ключевые слова Флора
a Ключевые слова Известняки
a Ключевые слова Песчаные карьеры
a Ключевые слова Волга, река
a Ключевые слова Полиморфизм
773 18 w Контрольный № источника RU/IS/BASE/448384713
t Название источника Флора и растительность южной тайги
d Место и дата издания Калинин : Калининский государственный университет, 1989
g Прочая информация С. 90-94
901 t Тип документа a
920 a Оператор Кома
954 b Дата поступления в ОК 20220926